<?xml version="1.0" encoding="UTF-8"?><?xml-stylesheet type="text/xsl" href="static/style.xsl"?><OAI-PMH xmlns="http://www.openarchives.org/OAI/2.0/" xmlns:xsi="http://www.w3.org/2001/XMLSchema-instance" xsi:schemaLocation="http://www.openarchives.org/OAI/2.0/ http://www.openarchives.org/OAI/2.0/OAI-PMH.xsd"><responseDate>2026-04-28T19:11:12Z</responseDate><request verb="GetRecord" identifier="oai:riubu.ubu.es:10259/5296" metadataPrefix="marc">https://riubu.ubu.es/oai/request</request><GetRecord><record><header><identifier>oai:riubu.ubu.es:10259/5296</identifier><datestamp>2022-04-06T12:46:27Z</datestamp><setSpec>com_10259_4292</setSpec><setSpec>com_10259_5086</setSpec><setSpec>com_10259_2604</setSpec><setSpec>com_10259.4_2516</setSpec><setSpec>col_10259_4293</setSpec><setSpec>col_10259.4_2517</setSpec></header><metadata><record xmlns="http://www.loc.gov/MARC21/slim" xmlns:doc="http://www.lyncode.com/xoai" xmlns:xsi="http://www.w3.org/2001/XMLSchema-instance" xmlns:dcterms="http://purl.org/dc/terms/" xsi:schemaLocation="http://www.loc.gov/MARC21/slim http://www.loc.gov/standards/marcxml/schema/MARC21slim.xsd">
<leader>00925njm 22002777a 4500</leader>
<datafield tag="042" ind1=" " ind2=" ">
<subfield code="a">dc</subfield>
</datafield>
<datafield tag="720" ind1=" " ind2=" ">
<subfield code="a">Gerardi, Gisela</subfield>
<subfield code="e">author</subfield>
</datafield>
<datafield tag="720" ind1=" " ind2=" ">
<subfield code="a">Cavia Saiz, Mónica</subfield>
<subfield code="e">author</subfield>
</datafield>
<datafield tag="720" ind1=" " ind2=" ">
<subfield code="a">Rivero Pérez, Maria Dolores</subfield>
<subfield code="e">author</subfield>
</datafield>
<datafield tag="720" ind1=" " ind2=" ">
<subfield code="a">González San José, Mª Luisa</subfield>
<subfield code="e">author</subfield>
</datafield>
<datafield tag="720" ind1=" " ind2=" ">
<subfield code="a">Muñiz Rodríguez, Pilar</subfield>
<subfield code="e">author</subfield>
</datafield>
<datafield tag="260" ind1=" " ind2=" ">
<subfield code="c">2020</subfield>
</datafield>
<datafield tag="520" ind1=" " ind2=" ">
<subfield code="a">Obesity is associated with inflammation and oxidative stress. Bioactive compounds can decrease obesity-related disorders by their antioxidant and anti-inflammatory actions. Wistar rats were fed with a high-fat diet during 14 weeks and received 100 mg of wine pomace product (WP)/kg body weight, from the 1st week or from the 7th week and standard diet fed rats were included. Food intake, body weight, blood pressure and plasma glucose, cholesterol and triglyceride were weekly measured. Antioxidant and lipid liver status, fat, adipocyte size, plasma interleukins and microbiota were also determined at 14th week. The results showed a significant reduction of body weight and abdominal fat area, lower blood glucose, decreased liver weight and lipids deposition with increased antioxidant status, lower adipocyte size and increased Lactobacillus spp./Bacteroides spp. ratio. Therefore, wine pomace product reduced obesity-related disorders by amelioration of inflammation and oxidative stress and by microbiota regulation suggesting potential preventive clinical benefits.</subfield>
</datafield>
<datafield tag="024" ind2=" " ind1="8">
<subfield code="a">1756-4646</subfield>
</datafield>
<datafield tag="024" ind2=" " ind1="8">
<subfield code="a">http://hdl.handle.net/10259/5296</subfield>
</datafield>
<datafield tag="024" ind2=" " ind1="8">
<subfield code="a">10.1016/j.jff.2020.103903</subfield>
</datafield>
<datafield ind1=" " ind2=" " tag="653">
<subfield code="a">High fat</subfield>
</datafield>
<datafield ind1=" " ind2=" " tag="653">
<subfield code="a">Obesity</subfield>
</datafield>
<datafield ind1=" " ind2=" " tag="653">
<subfield code="a">Polyphenols</subfield>
</datafield>
<datafield ind1=" " ind2=" " tag="653">
<subfield code="a">Wine pomace</subfield>
</datafield>
<datafield ind1=" " ind2=" " tag="653">
<subfield code="a">Wistar rats</subfield>
</datafield>
<datafield ind1=" " ind2=" " tag="653">
<subfield code="a">Microbiota</subfield>
</datafield>
<datafield tag="245" ind1="0" ind2="0">
<subfield code="a">Wine pomace product modulates oxidative stress and microbiota in obesity high-fat diet-fed rats</subfield>
</datafield>
</record></metadata></record></GetRecord></OAI-PMH>